Ευρωπαικό δίκαιο του διαδικτύου : νομικές πτυχές του διαδικτύου στην Ευρώπη
Αποθηκεύτηκε σε:
| Κύριος συγγραφέας: | |
|---|---|
| Μορφή: | Βιβλίο |
| Γλώσσα: | Greek |
| Δημοσίευση: |
Αθήνα :
Σάκκουλα,
2016.
|
| Θέματα: | |
| Ετικέτες: |
Προσθήκη ετικέτας
Δεν υπάρχουν, Καταχωρήστε ετικέτα πρώτοι!
|
MARC
| LEADER | 00000cam a2200000 a 4500 | ||
|---|---|---|---|
| 001 | 1/120780 | ||
| 008 | 200131r2016####gr | ||| |||| ||gre|| | ||
| 020 | |a 9789605684600 |q (χαρτόδετο) | ||
| 040 | |a GR-MyUa |b gre |c GR-MyUa |e AACR2 | ||
| 041 | 0 | |a gre | |
| 082 | 7 | |a 343.2409944 |2 (23) | |
| 100 | 1 | |a Jougleux, Philippe. | |
| 245 | 1 | 0 | |a Ευρωπαικό δίκαιο του διαδικτύου : |b νομικές πτυχές του διαδικτύου στην Ευρώπη / |c Jougleux Philippe. |
| 260 | |a Αθήνα : |b Σάκκουλα, |c 2016. | ||
| 300 | |a xvi,393 σ. ; |c 24 εκ. | ||
| 504 | |a Περιέχει βιβλιογραφία (σ. [387]-389) και ευρετήριο. | ||
| 650 | 0 | |a Internet |x Law and legislation. | |
| 650 | 0 | |a Internet |x law and legislation |z European Union countries. | |
| 852 | |a INST |b SAMOS |c EUDOXUS |e 20200131 |h 343.2409944 JOU |p 005300046270 |q 005300046270 |t BK |y 0 | ||
| 920 | |a Εύδοξος |b Παραγγελία |y Σάμος-ΤΜΠΕΣ |z 2020-01 | ||
| 970 | |a Γουβάλα |b Βάσω |z 31-01-2020 | ||